000 00673nam a2200229Ia 4500
005 20231202081810.0
008 131103s9999 xx 000 0 und d
020 _a143027689
_cRs. 195
040 _aLoreto College
041 _aEnglish
082 _a793.73
_bBAS
245 _aMastermind India3 Questions and Answers from the BBC World TV Quiz Game
_b
250 _aEdited and compiled by Siddhartha Basu
260 _aNew Delhi
_bPenguin Books in association with BBC Worldwide
_c2001
300 _a507p, 20 cm.
630 _aQuizzes
650 _aRecreation
651 _aIndoor Games
700 _aBasu, Siddhartha, ed
850 _aLCLIB
942 _cBK
999 _c2444
_d52923